| 000 | 00686nam a2200253Ia 4500 | ||
|---|---|---|---|
| 003 | OSt | ||
| 005 | 20220918204116.0 | ||
| 006 | a|||||r|||| 00| 0 | ||
| 007 | ta | ||
| 008 | 220917b |||||||| |||| 00| 0 eng d | ||
| 024 | _a111,046 | ||
| 037 | _cTextual | ||
| 040 |
_aARTS _cARTS _beng |
||
| 041 |
_2eng _aeng |
||
| 082 | _aV495:21xN12x, L7 | ||
| 100 |
_aSung Kim Il _911510 |
||
| 245 | 0 | _aTheses on socialist education | |
| 260 |
_aKorea _bForeign Language Publications House _c1977 |
||
| 300 |
_a68p. _ccm. |
||
| 490 | _aWorks of the world unite | ||
| 650 | _aHISTORY | ||
| 942 |
_hV495:21xN12x, L7 _cTEXL _2CC |
||
| 999 |
_c234395 _d234395 |
||